Primer Congreso Nacional de Ingeniería (Record no. 46583)

MARC details
000 -LEADER
campo de control de longitud fija 01506nam a2200217 i 4500
001 - NÚMERO DE CONTROL
campo de control 46583
003 - IDENTIFICADOR DE NÚMERO DE CONTROL
campo de control ES-MaACL
005 - FECHA Y HORA DE LA ÚLTIMA TRANSACCIÓN
campo de control 20250903004648.0
007 - CAMPO FIJO DE DESCRIPCIÓN FÍSICA--INFORMACIÓN GENERAL
campo de control de longitud fija t|
008 - DATOS DE LONGITUD FIJA--INFORMACIÓN GENERAL
campo de control de longitud fija 030331s1920 sp ||||1| spa d
111 2# - ENTRADA PRINCIPAL--NOMBRE DE CONGRESO/REUNIÓN
Nombre de congreso/reunión o jurisdicción como elemento de entrada Congreso Nacional de Ingeniería
Número del congreso/reunión o número de parte o sección (1º.
Fecha del congreso o de la firma del tratado 1919.
Sede del congreso/Lugar de la reunión Madrid)
9 (RLIN) 537
245 10 - MENCIÓN DEL TÍTULO
Título Primer Congreso Nacional de Ingeniería
Resto del título : celebrado en Madrid durante los días 16 al 25 de noviembre de 1919.
260 ## - PUBLICACIÓN, DISTRIBUCIÓN, ETC.
Lugar de publicación, distribución, etc. Madrid :
Nombre del editor, distribuidor, etc. [s.n.],
Fecha de publicación, distribución, etc. 1920 (
Fabricante Sucesores de Rivadeneyra)
300 ## - DESCRIPCIÓN FÍSICA
Extensión 4 v. ;
Dimensiones 25 cm.
500 ## - NOTA GENERAL
Nota general Precede al tít.: Instituto de Ingenieros Civiles de España.
505 8# - NOTA DE CONTENIDO CON FORMATO
Nota de contenido con formato Contiene: I. Sección 1ª Obras públicas e industrias de transportes. Sección 2ª Material de transportes y construcción naval. Sección 3ª Mecánica, motores y máquinas-herramientas, 678 p., 1 h. II. Sección 4ª Minas y Metalurgia. Sección 5ª Física y Química industriales. Sección 6ª Electrotecnia, 582 p., 1 h. III. Sección 7ª Industria agrícola y sus derivados. Sección 8ª Industria forestal y sus derivados. Sección 9ª Aplicaciones de la industria nacional a las artes de la guerra, 636 p., 1 h. IV. Sección 10ª Enseñanza técnica elemental y superior. Sección 11ª Organización del trabajo, higiene y previsión sociales. Sección 12ª Economía y legislación industrial, 610 p., 2 h.
650 #4 - PUNTO DE ACCESO ADICIONAL DE MATERIA--TÉRMINO DE MATERIA
Término de materia o nombre geográfico como elemento de entrada Ingeniería-
Subdivisión de forma Congresos y asambleas.
9 (RLIN) 159745
710 2# - ENTRADA AGREGADA--NOMBRE DE ENTIDAD CORPORATIVA
Nombre de entidad corporativa o nombre de jurisdicción como elemento de entrada Instituto de Ingenieros Civiles de España.
9 (RLIN) 4960
852 ## - LOCALIZACIÓN
Ubicación ES-MaACL
Número de control de estantería B-4472-75
Holdings
Estatus retirado Estado de pérdida Estado de daño No para préstamo Biblioteca de origen Biblioteca actual Ubicación en estantería Fecha de adquisición Fuente de adquisición Total de préstamos Signatura topográfica completa Código de barras Visto por última vez Precio de reemplazo Tipo de ítem Koha
        Biblioteca del Ateneo de Madrid Biblioteca del Ateneo de Madrid Sala Pardo Bazán 17/01/2008     B-4472-4475 1048992 23/02/2023 23/02/2023 Libro impreso